Brazilian States in 90 Seconds - Statistics

General Stats
  • This quiz has been taken 72 times
  • The average score is 21 of 27
Answer Stats
Capital Answer % Correct
Rio de Janeiro Rio de Janeiro
95%
Rio Branco Acre
93%
Manaus Amazonas
93%
Macapá Amapá
88%
Goiânia Goiás
88%
Belém Pará
88%
Salvador Bahia
86%
Vitória Espírito Santo
83%
Cuiabá Mato Grosso
83%
Fortaleza Ceará
81%
São Paulo Sāo Paulo
81%
Sāo Luís Maranhāo
79%
Porto Alegre Rio Grande do Sul
79%
(Capital of Brazil) Distrito Federal
76%
Recife Pernambuco
76%
Natal Rio Grande do Norte
76%
Maceió Alagoas
74%
Belo Horizonte Minas Gerais
74%
Curitiba Paraná
74%
Florianópolis Santa Catarina
74%
Campo Grande Mato Grosso do Sul
71%
Boa Vista Roraima
71%
Joāo Pessoa Paraíba
69%
Teresina Piauí
67%
Porto Velho Rondônia
67%
Aracaju Sergipe
62%
Palmas Tocantins
55%
No matching quizzes found
Score Distribution
Percent of People with Each Score
Percentile by Number Answered
Your Score History
You have not taken this quiz